000 00814nam a22002297a 4500
003 LK-CoMWRAF
005 20240120094353.0
008 240109b |||||||| |||| 00| 0 eng d
040 _aLK-CoMWRAF
_dLK-CoMWRAF
_eLK-CoMWRAF
041 _aeng
082 _a331.4
_bINT
110 _aInternational Women's Development Agency
245 _aEmpowering poor women :
_bmicro-finance - what works?
260 _a[Australia]:
_b [International Women's Development Agency],
_c [2002?]
300 _a 109 p. : ill. ; 30 cm
_bBibliography included
650 _aMicrofinance -Developing countries
650 _aPoor women- Employment -Vietnam
650 _aSelf-help groups- Vietnam
650 _aWomen- Developing countries- Economic conditions
650 _aWomen-owned business enterprises- Finance
942 _cBK
999 _c4607
_d4607